000 00468nam a2200181Ia 4500
001 11587
005 20260306162839.0
008 260306t2012||||xx |||||||||||||| ||spa||
041 _aESP
082 _a985.4
_bL31
100 _aLavallé, Bernard
_eAUT
245 0 _aMiedos terrenales, angustias escatológicas y pánicos en Arequipa a comienzos del siglo XVII
260 _c2012
300 _a
_c
650 _aGEN
654 _aCHU
942 _cLIB
_dJUS
_fJUS
_2ddc
_n
999 _c11587
_d11587